[Event "10th Mumbai Mayors Cup 2017"]
[Site "Mumbai"]
[Date "2017.06.08"]
[Round "7"]
[White "Pranav, Anand"]
[Black "Nandhidhaa, Pv"]
[Result "0-1"]
[WhiteElo "2068"]
[BlackElo "2249"]
[Annotator "TA"]
[PlyCount "58"]
[EventDate "2017.06.04"]
[EventType "swiss"]
[EventCountry "IND"]
[SourceTitle "playchess.com"]
[Source "ChessBase"]
[SourceQuality "1"]

{[%evp 23,58,10,11,0,25,22,33,0,32,0,35,-2,0,0,8,-2,23,20,31,-83,69,61,53,51,61,61,50,-73,-47,-67,-65,-56,-38,-48,-41,-36,-2]} 1. d4 Nf6 2. c4 e6 3. Nc3 d5 4. cxd5 exd5 5. Bg5 c6 6. e3 Be7 7. Bd3 Nbd7 8. Nge2 O-O 9. Qc2 Re8 10. O-O Nf8 11. f3 g6 12. Bh4 Ne6 {LiveBook: 15 Games. D36: Queen's Gambit Declined: Exchange Variation: Main line (5 Bg5 c6 6 Qc2)} 13. Bf2 (13. Rad1 b5 14. Nc1 a5 15. a4 b4 16. N3e2 Qb6 {½-½ (64) Sargissian,G (2702)-Mamedyarov,S (2747) Huaian 2016}) 13... Bf8 14. Rad1 Bg7 $146 {The position is equal.} ({Predecessor:} 14... Bh6 15. h3 Ng7 16. e4 Nfh5 17. g4 Nf4 18. Nxf4 Bxf4 19. Ne2 Ne6 20. Nxf4 Nxf4 {1-0 (35) Lund,S (2431)-Rendboe,J (2234) Borup 2008}) 15. b4 Bd7 16. h3 a5 17. a3 axb4 18. axb4 Qe7 19. e4 dxe4 20. fxe4 {[%cal Bf3e4,Be4e5][%mdl 32]} Ng5 {[%cal Rf6e4]} 21. Bh4 (21. e5 $1 $14 {keeps the upper hand.} Nd5 22. Nxd5 cxd5 23. Qc7) 21... h6 $2 {[#]} (21... Nfxe4 $17 22. Bxe4 Nxh3+ 23. gxh3 Qxh4) 22. e5 $14 Nd5 23. Nxd5 cxd5 24. Qc7 $36 {[%mdl 2048] White has some pressure.} Red8 {Black wants to play ...Nxh3+!} 25. Rf4 (25. Bxg5 $14 {stays ahead.} hxg5 26. Qxb7) 25... Qxb4 $17 {[#] Strongly threatening ...Ne6.} 26. Bxg5 {Black is slightly better.} hxg5 27. Rb1 $1 {[%cal Rb1b4]} Qd2 28. Rf3 Be6 29. Rxb7 {[%cal Rf3f7]} Rdc8 {[%mdl 32768] Precision: White = 34%, Black = 35%. . Loss on Time!?} 0-1

[Event "10th Mumbai Mayors Cup 2017"]
[Site "Mumbai"]
[Date "2017.06.08"]
[Round "7"]
[White "Satkar, Chirag"]
[Black "Moksh, Amit Doshi"]
[Result "0-1"]
[WhiteElo "2028"]
[BlackElo "2188"]
[Annotator "TA"]
[PlyCount "78"]
[EventDate "2017.06.04"]
[EventType "swiss"]
[EventCountry "IND"]
[SourceTitle "playchess.com"]
[Source "ChessBase"]
[SourceQuality "1"]

{[%evp 19,78,27,20,20,14,18,10,21,80,27,54,49,81,58,89,68,112,0,0,0,0,1,0,6,126,123,134,130,119,62,79,70,76,44,69,54,69,53,53,0,0,2,47,0,0,0,0,-26,-31,-42,-36,-69,-65,-74,-32,-677,-610,-29996,-29997,-29997,-29998]} 1. d4 Nf6 2. c4 e6 3. Nc3 Bb4 4. Qc2 O-O 5. a3 Bxc3+ 6. Qxc3 d5 7. Bg5 h6 {E36: Nimzo-Indian: Classical: 4...d5 5 a3} 8. Bxf6 Qxf6 9. Nf3 dxc4 (9... c6 10. e3 Nd7 11. Rd1 dxc4 12. Bxc4 b6 13. O-O Bb7 14. e4 Rfd8 15. e5 {½-½ (15) Mamedyarov,S (2772)-Ding,L (2773) Moscow 2017}) 10. Qxc4 Nc6 {LiveBook: 4 Games} 11. Rd1 $146 ({Predecessor:} 11. e3 Re8 12. Be2 Bd7 13. O-O Rac8 14. b4 a6 15. a4 {½-½ (72) Dragun,K (2530)-Lysyj,I (2666) Warsaw 2013}) 11... e5 12. d5 Ne7 13. Qxc7 Ng6 (13... e4 $11 14. Qe5 exf3 15. Qxf6 gxf6) 14. g3 (14. Nd2 $16) 14... Bg4 $11 15. Bg2 {[%cal Bf1g2,Bg2e4,Be4d3][%mdl 32]} Rfc8 16. Qxb7 Rab8 17. Qxa7 Rxb2 18. Qe3 (18. h3 $16 Bf5 19. O-O) 18... Rcc2 19. Nd2 Qa6 20. Be4 $1 {[%cal Re4c2] [#]} Rc3 $1 {[%cal Rc3e3][%mdl 512]} 21. Bd3 (21. Qxc3 Qxe2#) 21... Qa5 {[#]} (21... Qxa3 $11 22. h3 Rxd3 23. Qxd3 Qxd3 24. exd3 Bxd1 25. Kxd1 Rb6) 22. O-O $1 $16 Bh3 23. Rfe1 Qxd5 {[%csl Gh3][%cal Rd5g2]} 24. Qe4 (24. Ne4 $16) 24... Qxe4 $14 25. Bxe4 Be6 26. Nb1 Rcb3 27. Rc1 f5 28. Bc2 Rb8 29. Red1 ({White should play} 29. e4 $14 f4 30. Nc3) 29... e4 $11 30. Nc3 Ne5 (30... Rc8 $5 {[%cal Rc8c3]} 31. Ba4 Ne5 $11) 31. Na4 Ra2 $36 {[%mdl 2048] Black fights for an advantage.} 32. Nc5 Bc4 33. Nd7 Nxd7 34. Rxd7 {aiming for Bxe4!} Bxe2 {Strongly threatening ...Rxc2!} 35. Rd2 {Threatens to win with Bb3+!} Bc4 36. Rd4 Ba6 37. Ra4 $2 {[%mdl 8192] [#]} (37. Bd1 $15) 37... Rxc2 $1 $19 {[%mdl 512]} 38. Rxc2 Rb1+ 39. Kg2 Bf1+ {Precision: White = 45%, Black = 57%.} 0-1

[Event "10th Mumbai Mayors Cup 2017"]
[Site "Mumbai"]
[Date "2017.06.08"]
[Round "7"]
[White "Raghav, Srivathsav V"]
[Black "Wagh, Suyog"]
[Result "1/2-1/2"]
[WhiteElo "2023"]
[BlackElo "2215"]
[Annotator "TA"]
[PlyCount "35"]
[EventDate "2017.06.04"]
[EventType "swiss"]
[EventCountry "IND"]
[SourceTitle "playchess.com"]
[Source "ChessBase"]
[SourceQuality "1"]

{[%evp 15,35,-14,0,0,0,-18,-19,-15,-11,-20,-16,-9,-9,-15,21,16,37,0,32,27,85,0]} 1. b3 d5 2. Bb2 c6 3. e3 Nf6 4. Be2 Bf5 5. Nf3 h6 6. O-O e6 7. Ne5 Nbd7 8. f4 Bd6 9. d3 {A03: Bird's Opening with 1...d5} O-O 10. Kh1 $146 ({Predecessor:} 10. Qe1 Ne8 11. Nxd7 Qxd7 12. Nd2 Bh7 13. Qg3 f6 {0-1 (39) Mustafin,A (2241)-Karpenko,A (2258) Moscow 2016}) 10... Qc7 {[%cal Rd7e5]} 11. Nxd7 {The position is equal.} Nxd7 12. Qe1 a5 13. a4 $40 {[%mdl 128] White mounts an attack.} Rae8 14. Nd2 Bg6 15. Qg3 Kh7 16. Qh3 f6 17. Nf3 e5 (17... Rh8 $11 {keeps the balance.}) 18. fxe5 {Precision: White = 55%, Black = 30%.} (18. Nh4 $16) 1/2-1/2

[Event "10th Mumbai Mayors Cup 2017"]
[Site "Mumbai"]
[Date "2017.06.08"]
[Round "7"]
[White "Mahindrakar, Indrajeet"]
[Black "Saurabh, Anand"]
[Result "0-1"]
[WhiteElo "1977"]
[BlackElo "2266"]
[Annotator "TA"]
[PlyCount "88"]
[EventDate "2017.06.04"]
[EventType "swiss"]
[EventCountry "IND"]
[SourceTitle "playchess.com"]
[Source "ChessBase"]
[SourceQuality "1"]

{[%evp 16,87,30,16,20,13,22,8,8,0,31,26,21,20,28,5,12,4,15,0,0,-29,-26,-83,-65,-95,-79,-73,-43,-94,-88,-87,-102,-129,-80,-80,-72,-62,-16,-21,-15,-32,0,0,0,0,16,18,14,-39,0,0,77,12,67,74,115,24,128,122,170,200,219,221,170,-120,-91,-1686,-1632,-29992,-758,-29993,-29994,-29999]} 1. e4 e5 2. Nf3 Nc6 3. Bb5 a6 4. Ba4 Nf6 5. d3 d6 6. c3 g6 7. O-O Bg7 8. Re1 O-O 9. Nbd2 Re8 {C77: Ruy Lopez: 3...a6 4 Ba4 Nf6, unusual lines} 10. h3 h6 (10... b5 $5 {[%cal Rb5a4]} 11. Bb3 Na5 $11) 11. Nf1 b5 {The position is equal.} 12. Bc2 Nb8 $146 ({Predecessor:} 12... d5 13. Bd2 Bb7 14. Ng3 dxe4 15. dxe4 Nb8 16. a4 Nbd7 17. Qe2 {½-½ (47) Efimenko,Z (2706)-Berkes,F (2696) Khanty-Mansiysk 2011}) 13. a4 Bb7 14. Ng3 Nbd7 15. Bd2 d5 16. Qc1 Kh7 17. b4 c5 18. Qb2 c4 19. exd5 (19. axb5 $11 axb5 20. dxc4 Rxa1 21. Qxa1 dxc4 22. Be3) 19... Bxd5 $17 20. Nh2 cxd3 21. Bxd3 Nb6 22. a5 (22. axb5 $15 Bc4 23. Bc2) 22... Nc4 23. Bxc4 Bxc4 24. Ng4 Nd5 25. Ne3 Nf4 {aiming for ...Nd3.} 26. Nxc4 Nd3 27. Qa2 $1 {Hoping for Nb6.} bxc4 28. Re4 $1 f5 29. Rxc4 e4 30. Be3 f4 31. Bb6 Qd5 32. Nf1 (32. Ne2 $11) 32... Qg5 {[%mdl 1024] Black has compensation.} 33. Rc7 $36 {[%mdl 2048] And now Qf7 would win. White has good play.} Ne5 (33... Rac8 $1 $11) 34. Kh1 (34. Nd2 $1 $16 {[%cal Rd2e4]} f3 35. g3) 34... f3 (34... Rac8 $11) 35. Ng3 $1 $14 h5 36. Be3 (36. Qd5 $1 $16 {[%cal Rd5b7]} Kh8 37. Qb7 (37. Qxe4 h4 $14)) 36... fxg2+ (36... Qd8 $11 {keeps the balance.} 37. Rb7 Qf6) 37. Kxg2 $16 Qf6 38. Qd5 $1 Qf3+ 39. Kh2 Kh8 {[#]} 40. Bd4 $2 {[#]} (40. Rd1 $1 $18) 40... Rad8 $1 $17 {[%cal Rd8d5]} 41. Qb7 $2 {[%mdl 8192] [#]} (41. Qa2 $17) 41... Rxd4 $1 $19 {[%mdl 512]} 42. cxd4 Qxf2+ 43. Kh1 Nf3 {[%csl Gf3][%cal Rf2h2]} 44. Rxg7 Qh2# {Precision: White = 29%, Black = 55%.} 0-1

[Event "10th Mumbai Mayors Cup 2017"]
[Site "Mumbai"]
[Date "2017.06.08"]
[Round "7"]
[White "Shrutarshi, Ray"]
[Black "Sekar, B."]
[Result "0-1"]
[WhiteElo "1852"]
[BlackElo "2252"]
[Annotator "TA"]
[PlyCount "62"]
[EventDate "2017.06.04"]
[EventType "swiss"]
[EventCountry "IND"]
[SourceTitle "playchess.com"]
[Source "ChessBase"]
[SourceQuality "1"]

{[%evp 22,62,0,0,12,9,8,8,6,13,31,0,55,68,54,53,52,55,56,52,61,23,29,18,39,6,5,-25,44,-70,87,82,66,65,31,-151,-63,-40,-73,-335,-123,-665,-665]} 1. e4 c5 2. Nf3 d6 3. d4 cxd4 4. Nxd4 Nf6 5. Nc3 a6 6. f4 e5 7. Nf3 Qc7 8. Bd3 Be7 9. a4 O-O 10. O-O {B93: Sicilian Najdorf: 6 f4} exf4 (10... h6 11. Kh1 Re8 12. Be3 Nc6 13. Qd2 Bf8 14. fxe5 dxe5 15. Nh4 Qd8 16. Nf5 Nd4 17. a5 Nxf5 18. exf5 {0-1 (30) Fernando,D (2465)-Laznicka,V (2684) Pardubice 2013}) 11. Kh1 Nc6 12. Bxf4 {LiveBook: 3 Games. The position is equal.} Bg4 $146 ({Predecessor:} 12... Ne5 13. Bg5 Be6 14. Nxe5 dxe5 15. Bxf6 Bxf6 16. Nd5 Bxd5 17. exd5 Qd6 18. c4 b6 19. b4 e4 20. Rxf6 Qxf6 21. Bxe4 {1-0 (39) Draghici Flutur,G (2141)-Zsiltzova Lisenko,L (2255) Zaragoza 2013}) 13. h3 Bh5 14. g4 Bg6 15. Nh4 Rfe8 16. Nf5 Bf8 (16... Bxf5 $11 17. gxf5 Qb6) 17. Bg5 $14 {Bxf6 is the strong threat.} Nd7 18. Nd5 Qb8 19. Qf3 Nce5 20. Qg3 b6 21. Rf2 Qb7 22. Raf1 f6 23. Bf4 Bf7 $132 {[%mdl 2048] Black puts up resistance} 24. Nfe3 Bg6 (24... Nc5 $11) 25. g5 ({White should play} 25. b4 $14) 25... fxg5 $2 (25... Nc5 $15 26. Bxe5 Rxe5 27. gxf6 Bxe4+ 28. Bxe4 Nxe4) 26. Bxg5 $16 Nc5 27. Nf5 $1 Nf7 28. Rf4 $2 {[#]} (28. Qg2 $14) 28... Nxe4 (28... Rxe4 $1 $17 {[%mdl 512]} 29. c4 (29. Bxe4 Nxe4) 29... Rxf4 30. Bxf4 b5) 29. Bxe4 $15 Rxe4 30. Qg2 $2 {[%mdl 8192]} (30. c4 $17 Rxf4 31. Rxf4) 30... Nxg5 $2 (30... Qxd5 $19 {has better winning chances.} 31. Qxe4 Qxe4+ 32. Rxe4 Nxg5) 31. Qxg5 $4 {[%mdl 8192]} (31. c4 $17) 31... Rxf4 {Precision: White = 28%, Black = 22%.} 0-1

[Event "10th Mumbai Mayors Cup 2017"]
[Site "Mumbai"]
[Date "2017.06.09"]
[Round "8"]
[White "Ghosh, Diptayan"]
[Black "Neelotpal, Das"]
[Result "1/2-1/2"]
[WhiteElo "2569"]
[BlackElo "2438"]
[Annotator "TA"]
[PlyCount "43"]
[EventDate "2017.06.04"]
[EventType "swiss"]
[EventCountry "IND"]
[SourceTitle "playchess.com"]
[Source "ChessBase"]
[SourceQuality "1"]

{[%evp 25,43,10,14,0,12,0,0,0,12,14,13,13,24,0,0,0,0,6,9,5]} 1. Nf3 Nf6 2. g3 d5 3. Bg2 e6 4. O-O Be7 5. c4 O-O 6. d4 dxc4 7. Qc2 a6 8. a4 Bd7 9. Qxc4 Bc6 10. Bf4 Bd6 {E05: Open Catalan: 5 Nf3 Be7} (10... a5 11. Nc3 Nbd7 12. Qd3 Bb4 13. Rfe1 Re8 14. Qc2 Bxf3 15. Bxf3 c6 16. Red1 Qe7 17. Na2 Bd6 18. Bxd6 Qxd6 {1-0 (65) So,W (2822)-Kramnik,V (2811) Shamkir 2017}) 11. Qc1 a5 12. Nc3 Na6 13. Rd1 Nb4 {LiveBook: 5 Games} 14. Bg5 Be7 $146 (14... h6 $5 {[%cal Rh6g5]} 15. Bh4 Be7 $11) ({Predecessor:} 14... h6 15. Bxf6 Qxf6 16. e4 e5 17. Nxe5 Bxe5 18. dxe5 Qxe5 {0-1 (51) Bosiocic,M (2591)-Xu,Y (2430) Doha 2016}) 15. Ne5 Bxg2 16. Kxg2 Nfd5 (16... h6 $5 {[%cal Rh6g5]} 17. Bxf6 Bxf6 $11) 17. Bxe7 Qxe7 18. e4 Nb6 19. Ne2 f6 {The position is equal.} 20. Nd3 Nxd3 21. Rxd3 f5 22. Re3 1/2-1/2

[Event "10th Mumbai Mayors Cup 2017"]
[Site "Mumbai"]
[Date "2017.06.09"]
[Round "8"]
[White "Rahman, Ziaur"]
[Black "Singh, D P"]
[Result "1-0"]
[WhiteElo "2526"]
[BlackElo "2132"]
[Annotator "TA"]
[PlyCount "91"]
[EventDate "2017.06.04"]
[EventType "swiss"]
[EventCountry "IND"]
[SourceTitle "playchess.com"]
[Source "ChessBase"]
[SourceQuality "1"]

{[%evp 9,91,20,20,9,22,31,12,10,34,-4,-5,-12,-5,-14,-4,-6,15,12,9,8,33,15,16,16,15,13,18,0,6,-14,0,-3,22,0,16,21,22,20,46,28,62,50,61,24,31,0,35,8,25,27,34,35,32,1,18,0,42,30,55,21,50,61,64,66,78,79,118,102,105,104,107,117,116,108,138,113,323,145,127,50,331,353,29972,5971]} 1. d4 Nf6 2. Bg5 e6 3. Nd2 h6 4. Bh4 Be7 (4... c5 5. c3 cxd4 6. cxd4 Nc6 7. Ngf3 g5 8. Bg3 Nh5 9. e3 Nxg3 10. hxg3 Bg7 11. Bb5 O-O 12. Rc1 f5 13. Bxc6 bxc6 {1-0 (71) Jobava,B (2713)-Short,N (2688) Malmo 2017}) 5. e4 d6 6. Bd3 {A45: Trompowsky Attack} O-O 7. Ngf3 Nc6 8. O-O $146 {The position is equal.} ({Predecessor:} 8. c3 e5 9. dxe5 Nxe5 10. Nxe5 dxe5 11. Nc4 Nd7 12. Bxe7 Qxe7 13. b4 {0-1 (30) Vinod,G (2023)-Bitoon,J (2290) Penang 2012}) 8... e5 (8... g5 $5 {[%cal Rg5h4]} 9. Bg3 g4 $11) 9. d5 Nb4 10. Bxf6 Bxf6 11. Be2 a5 12. Nc4 b6 13. a3 Na6 14. b4 Bd7 15. c3 ({Much worse is} 15. bxa5 bxa5 16. Nfd2 Nc5 $15) 15... g6 16. Bd3 ({But not} 16. bxa5 bxa5 17. Qd2 Nc5 $15) 16... Bg7 17. Qe2 Nb8 18. Ncd2 f5 19. Rac1 Be8 20. Bb5 Bf7 21. Qd3 f4 22. c4 axb4 23. axb4 Nd7 24. Ra1 {[#] Rxa8 is the strong threat.} (24. Bc6 $5 {[%cal Rc6a8]}) 24... Rb8 25. h3 g5 26. Nh2 h5 27. g4 Nf6 (27... fxg3 $5 28. fxg3 Bh6 $14) 28. f3 Be8 29. Bxe8 Rxe8 30. Ra7 hxg4 31. fxg4 Re7 32. Rfa1 $36 {[%mdl 2048] White fights for an advantage.} Kf7 33. Ndf3 (33. Nhf3 $5 {[%cal Rf3g5]} Bh6 34. Qc2 $16) 33... Nh7 34. Qa3 Bf6 35. Qa4 b5 36. cxb5 Qe8 37. Ra5 Nf8 {[#]} 38. h4 $1 Nh7 39. h5 Kg7 40. Rc1 Rf7 41. Rc6 Bd8 42. Ra8 Rb6 $2 (42... Rxa8 $16 43. Qxa8 Rd7) 43. Rxb6 (43. Nd2 $18 {has better winning chances.}) 43... cxb6 $16 44. Qc2 ({Better is} 44. Ra7 $16) 44... Qd7 $2 {[%mdl 8192]} ({Black should try} 44... Rd7 $1 $14) 45. Qc6 $18 Kh6 $2 (45... Qe7 $18 46. Rb8 Qd7) 46. Nxe5 {Precision: White = 46%, Black = 35%.} 1-0

[Event "10th Mumbai Mayors Cup 2017"]
[Site "Mumbai"]
[Date "2017.06.09"]
[Round "8"]
[White "Grover, Sahaj"]
[Black "Hossain, Enamul"]
[Result "1/2-1/2"]
[WhiteElo "2485"]
[BlackElo "2464"]
[Annotator "TA"]
[PlyCount "262"]
[EventDate "2017.06.04"]
[EventType "swiss"]
[EventCountry "IND"]
[SourceTitle "playchess.com"]
[Source "ChessBase"]
[SourceQuality "1"]

{[%evp 20,262,18,0,2,0,0,0,0,0,0,-18,0,0,16,16,17,27,28,8,16,0,0,-17,0,-4,0,0,0,0,4,0,0,0,0,0,0,0,51,48,64,62,108,62,88,47,61,56,58,26,39,18,16,16,61,30,30,30,30,29,37,51,33,0,95,96,99,82,92,72,75,80,65,72,70,78,98,54,54,54,54,54,61,74,71,77,69,54,54,14,18,0,0,0,0,0,0,0,0,0,0,0,0,0,0,0,0,0,0,0,20,17,68,39,59,41,46,37,29,21,46,21,41,29,21,21,21,0,10,8,8,8,8,0,0,0,0,0,0,0,10,0,0,0,18,8,41,41,41,41,41,41,41,41,41,41,41,41,41,41,41,40,40,0,0,0,40,40,40,8,41,41,41,41,41,41,41,8,8,0,41,0,41,41,41,43,235,0,43,0,43,0,43,8,43,8,8,8,8,17,43,43,43,8,8,8,8,0,0,0,43,8,0,0,0,0,43,43,43,43,43,43,43,0,43,0,43,0,83,0,8,8,8,8,8,0,8,8,8,8,8,8,8,8,8]} 1. e4 c5 2. Nf3 e6 3. d4 cxd4 4. Nxd4 Nc6 5. Nc3 Qc7 6. Be3 a6 7. Qd2 Nf6 8. f3 Be7 {B48: Sicilian: Taimanov: 5 Nc3 Qc7 6 Be3 a6 without Be2} 9. O-O-O b5 10. Nxc6 (10. g4 Nxd4 11. Bxd4 Bb7 12. Kb1 O-O 13. h4 b4 14. Na4 d5 15. e5 Nd7 16. Qe3 {1-0 (40) Caruana,F (2817)-Pichot,A (2556) chess.com INT 2017}) 10... dxc6 11. Qf2 {LiveBook: 5 Games} e5 12. Bb6 Qb7 13. Bc5 $146 ({Predecessor:} 13. Kb1 Be6 14. g4 O-O 15. h4 a5 16. Ne2 {0-1 (28) Vandevoort,P (2376)-De Haan,E (2303) Belgium 2016}) 13... O-O 14. Bd6 Bxd6 15. Rxd6 Ne8 16. Rd2 Qa7 17. Qxa7 Rxa7 18. Be2 Nc7 19. Rd6 Ne6 20. Rhd1 ({Of course not} 20. Rxc6 b4 $17) 20... Rc7 21. Nb1 Nc5 22. Rd8 Nb7 (22... Bd7 $5 {[%cal Rf8d8]} 23. Rxf8+ Kxf8 $11) 23. R8d3 Be6 24. b3 g5 25. Kb2 a5 26. Rc3 b4 27. Re3 a4 28. a3 c5 ({Better is} 28... bxa3+ $11 29. Nxa3 axb3) 29. bxa4 $14 Na5 30. Bb5 Bc4 31. Kc1 (31. Nd2 {is more complex.} Rd8 32. Kc1 Be6 33. Nb3 Rxd1+ 34. Kxd1 Nb7 35. axb4 cxb4 36. Kc1) 31... Rb8 32. Bxc4 Nxc4 33. Rb3 $1 Kg7 34. axb4 cxb4 35. Rd5 Rbc8 $1 36. Kd1 f6 37. a5 Kg6 38. Ke2 Ra7 $1 39. Rxb4 Nxa5 40. Kd3 Nc6 41. Rb6 Ra4 (41... Ra2 $1 $11 {keeps the balance.}) 42. c3 $36 {[%mdl 2048] Black is under strong pressure.} Na5 43. Ra6 Nc4 44. Rxa4 Nb2+ 45. Kc2 Nxa4 {[%mdl 4096] Endgame KRN-KRN} 46. Ra5 Nc5 47. Nd2 Ne6 48. Ra6 Nf4 49. g3 Ne2 50. Ra3 Nd4+ $1 51. Kd3 $1 Ne6 52. Nc4 Nc5+ 53. Ke3 Rc6 54. Nd2 h5 55. h4 gxh4 56. gxh4 Ne6 $1 57. c4 Nf4 58. Kf2 Kf7 59. Ra4 Rb6 60. Ra2 Ke7 61. Rc2 Nd3+ 62. Ke2 Nf4+ 63. Kf2 Nd3+ 64. Ke3 Nc5 65. Ra2 Rd6 (65... Rb7 $11) 66. Ra7+ Kf8 67. Nf1 Ne6 68. Ng3 Nf4 69. Nf5 Rd3+ 70. Kf2 Rc3 71. Rc7 Ke8 72. Rc6 Kf7 73. Rc7+ Ke8 74. c5 Rc2+ 75. Ke1 Rxc5 76. Rxc5 (76. Ng7+ {keeps more tension.} Kf8 77. Rxc5 Nd3+ 78. Kf1 Nxc5 79. Nxh5 Kf7 80. Ng3) 76... Nd3+ 77. Ke2 Nxc5 $11 {KN-KN} 78. Ng7+ Kf7 79. Nxh5 Ne6 80. Kf2 (80. f4 $5) 80... Kg6 81. Ng3 Nd4 82. Kg2 Ne6 83. Kh3 Nf4+ 84. Kg4 Ng2 85. Nf5 Nf4 86. Ne3 Nh5 87. Nd5 Ng7 88. Ne7+ Kf7 89. Nf5 {aiming for Nxg7.} Ne6 $1 90. h5 Nf4 91. Nh4 Kg7 92. Nf5+ Kf7 93. Ne3 Ne6 94. Kh4 Ng5 95. Kg3 Ne6 96. Kg4 Nd4 97. Nf5 Ne6 98. Nh4 Kg7 99. Nf5+ Kf7 100. Ne3 {Threatens to win with Nd5.} Kg7 101. Nd5 Nd4 102. Ne7 Kf7 $2 {[#]} (102... Ne6 $14 103. Nf5+ Kg8 104. Ne7+ Kg7 105. Nf5+) 103. Nd5 $2 (103. h6 $1 $18) 103... Kg7 $14 104. Ne7 Ne6 105. Nc6 Kf7 106. Nb4 Nd4 107. Nd3 Ne6 108. Kh4 {Threatening Kg4.} Nd4 109. Kg3 Ne2+ 110. Kg4 Nd4 111. Ne1 {Hoping for Ng2.} Kg7 112. Ng2 {Strongly threatening Ne3.} Ne6 113. Nh4 {Ng2 is the strong threat.} (113. f4 $5 {[%cal Rf4e5]} Nc5 114. Nh4 $11) 113... Nf4 114. Nf5+ (114. h6+ $5 Kxh6 115. Nf5+ Kg6 116. Ne3 $11) 114... Kf7 115. Nd6+ Kg7 $1 116. Ne8+ Kf7 117. Nc7 Ne2 118. Kh4 Nd4 119. Kg3 Ne2+ 120. Kg4 Nd4 121. Nd5 Kg7 122. Ne7 {Black must now prevent Nf5+.} Ne6 123. Nf5+ Kf7 {[#]} 124. Nh4 ({White should play} 124. Kh4 $1 $16) 124... Nf4 {The position is equal.} 125. h6 {And now h7 would win.} Ne2 $1 126. Nf5 {Threatening mate with h7.} Kg6 127. Nd6 (127. Kh4 {with more complications.} Nd4 128. Nxd4 exd4 129. Kg3 Kh7 130. f4) 127... Kxh6 128. Kf5 Nd4+ 129. Kxf6 Nxf3 130. Nf7+ Kh5 131. Nxe5 Nd2 {Precision: White = 52%, Black = 65%.} 1/2-1/2

[Event "10th Mumbai Mayors Cup 2017"]
[Site "Mumbai"]
[Date "2017.06.09"]
[Round "8"]
[White "Deviatkin, Andrei"]
[Black "Khusenkhojaev, Muhammad"]
[Result "1/2-1/2"]
[WhiteElo "2481"]
[BlackElo "2424"]
[Annotator "TA"]
[PlyCount "97"]
[EventDate "2017.06.04"]
[EventType "swiss"]
[EventCountry "IND"]
[SourceTitle "playchess.com"]
[Source "ChessBase"]
[SourceQuality "1"]

{[%evp 18,97,39,27,37,16,20,19,50,14,42,29,37,40,23,0,0,0,-8,-14,-8,-22,-27,-43,-12,-16,-18,-33,-38,-36,-29,-49,-6,-17,-17,-17,-14,-17,-7,-49,-4,-4,0,0,0,-4,-1,-4,-11,-7,0,0,0,0,0,0,0,0,0,0,0,0,0,0,0,0,0,0,0,0,0,0,0,0,0,0,0,0,0,0,0,0]} 1. d4 Nf6 2. c4 g6 3. d5 c6 4. Nc3 cxd5 5. cxd5 d6 (5... Bg7 6. g3 d6 7. Bg2 Qa5 8. Bd2 O-O 9. Qb3 Na6 10. a3 Bd7 11. Nf3 Nc5 12. Qa2 Qa6 13. O-O Nfe4 14. Nxe4 Nxe4 15. Be3 {0-1 (34) Cicak,S (2501)-Gharamian,T (2653) Germany 2013}) 6. e4 {E60: King's Indian: Unusual lines and Fianchetto Variation without Nc3} Bg7 7. Nf3 O-O 8. Be2 Bg4 9. O-O Nbd7 10. Be3 {LiveBook: 3 Games} Bxf3 11. Bxf3 Qa5 12. a3 $146 Rfc8 13. Bd4 h5 14. Be2 Ne8 15. Bxg7 Kxg7 16. Qd4+ Nef6 17. Rfc1 a6 18. h3 Qb6 19. Qxb6 Nxb6 20. h4 Rc7 21. f3 Rac8 22. Rd1 Nfd7 23. Kf2 Nc5 24. Rab1 Nca4 (24... Nb3 {with more complications.} 25. g3 Nd7 26. f4 b5 27. Ke3 Na5) 25. Nxa4 Nxa4 26. Ke3 b5 27. Bd3 Kf6 28. f4 Nc5 29. Rdc1 {The position is equal.} e6 (29... Nxd3 {looks sharper.} 30. Rxc7 Rxc7 31. Kxd3 a5 32. g3 Rc8) 30. dxe6 Kxe6 31. Rc3 (31. Be2 {keeps more tension.} Kd7 32. Rd1 Ke7 33. g3 Nb3 34. Rd5) 31... Nxd3 32. Rxc7 Rxc7 33. Kxd3 $11 {[%mdl 4096] Endgame KR-KR} d5 34. exd5+ Kxd5 35. Re1 Rc4 36. Re5+ $1 Kd6 37. g3 Rc1 38. Rg5 Rf1 39. Kc3 Kc6 40. Kd4 {Black must now prevent Ke5.} Rf2 41. f5 Rxb2 ({Not} 41... Rxf5 $2 42. Rxf5 gxf5 43. Ke5 $18) 42. fxg6 fxg6 43. Rxg6+ Kb7 44. Kc3 Re2 45. Kb3 a5 46. g4 Re3+ 47. Kb2 hxg4 48. Rxg4 Rh3 49. Rg5 {Precision: White = 71%, Black = 79%.} 1/2-1/2

[Event "10th Mumbai Mayors Cup 2017"]
[Site "Mumbai"]
[Date "2017.06.09"]
[Round "8"]
[White "Deepan Chakkravarthy J"]
[Black "Tukhaev, Adam"]
[Result "1/2-1/2"]
[WhiteElo "2480"]
[BlackElo "2567"]
[Annotator "TA"]
[PlyCount "82"]
[EventDate "2017.06.04"]
[EventType "swiss"]
[EventCountry "IND"]
[SourceTitle "playchess.com"]
[Source "ChessBase"]
[SourceQuality "1"]

{[%evp 14,82,53,47,60,44,47,0,0,0,8,1,6,-12,-8,-15,-17,-27,0,0,0,-7,0,-23,-19,-14,-9,-14,0,-12,-18,-34,-45,-43,-42,-28,-14,-14,-14,-14,-17,-17,-8,-13,-8,-14,-10,-10,-10,-8,-12,-20,-11,-11,-8,-9,-16,-20,0,0,0,0,0,-4,0,-41,-41,-41,-28,-28,-28]} 1. e4 c5 2. Nf3 e6 3. d4 cxd4 4. Nxd4 Nc6 5. Nc3 d6 6. Be3 Nf6 7. Qe2 {B80: Sicilian Scheveningen: 6 g3 and 6 Be3, including English Attack} e5 8. Nb3 {LiveBook: 7 Games} Ng4 9. g3 $146 {White is slightly better.} ({Predecessor:} 9. Bd2 a5 10. h3 Nf6 11. a4 Be7 12. Nd5 {½-½ (12) Galkin,A (2617)-Khalifman,A (2610) Dagomys 2009}) 9... Be7 10. Bg2 O-O 11. O-O a5 12. a3 a4 13. Nd2 Nxe3 14. fxe3 Be6 15. Nd5 Bxd5 16. exd5 Nb8 {[%cal Bc6b8,Bb8d7,Bd7c5][%mdl 32]} 17. Qb5 Qd7 18. Qxd7 (18. Qe2 {is interesting.} Qd8) 18... Nxd7 19. b4 axb3 20. cxb3 f5 21. a4 Nc5 22. Kf2 e4 23. Ke2 Bf6 24. Rac1 {[#]} b5 $1 {[%mdl 512]} 25. Rxf5 (25. axb5 Ra2) 25... bxa4 26. bxa4 Rxa4 {White must now prevent ...Ra2.} 27. Rc2 Rfa8 28. Rf1 Rb4 29. Bh3 Kf7 30. Bf5 Ke7 31. Rfc1 g6 32. Bh3 Raa4 33. Bg2 h5 34. Rc4 Rxc4 35. Rxc4 Rxc4 (35... Ra2 $5 {[%cal Rc5b3]} 36. Bxe4 {[#]} Bc3 $1 {[%mdl 512]} 37. Rxc3 Nxe4 $11) 36. Nxc4 $11 {[%mdl 4096] Endgame KBN-KBN} Bc3 37. Nb6 Kf6 38. Bh3 Ke5 39. Nd7+ Kxd5 40. Nxc5 dxc5 41. Bd7 g5 {Precision: White = 64%, Black = 56%.} 1/2-1/2